|
|
|
|
| LEADER |
00000nam a2200000 a 4500 |
| 001 |
vtls008309203 |
| 003 |
SK-MaSNL |
| 005 |
20260311141443.0 |
| 008 |
230403s1961 xo a slo |
| 015 |
|
|
|a SNBA1961/07-01376
|
| 035 |
|
|
|a SK01SNK19610001420
|
| 035 |
|
|
|a urn:nbn:sk:snk-amlq2a
|
| 035 |
|
|
|a urn:nbn:sk:snk-am00c24k
|
| 035 |
|
|
|a BE02CA4C-7C27-4FD4-A1CF-D3275756E51F
|
| 035 |
|
|
|a SKM000003883
|
| 040 |
|
|
|a SNK
|b slo
|c SNK
|e AACR2
|
| 041 |
1 |
|
|a slo
|h cze
|
| 044 |
|
|
|a xo
|c SK
|
| 080 |
|
|
|a 911.3:33(437)(075.3)
|2 1981
|
| 080 |
|
|
|a 914.37(075.3)
|2 1981
|
| 100 |
1 |
|
|a Doubrava, Josef,
|d 1918-1986
|4 aut
|9 123083
|
| 245 |
1 |
0 |
|a Československá socialistická republika
|b pokusné učebné texty pre 8. roč. dvanásťroč. stred. školy
|c sprac.: Jozef Doubrava, Stanislav Mařan, Jozef Brabec ; [z čes. orig.] prel.: Štefan Hačunda a Anna Kosírová
|
| 250 |
|
|
|a 2. vyd.
|
| 260 |
|
|
|a Bratislava
|b Slovenské pedagogické nakladateľstvo
|c 1961
|e Košice
|f Východoslovenské tlačiarne
|
| 300 |
|
|
|a 158, [3] s.
|c 8°
|
| 500 |
|
|
|a Ilustr. Grafy. Fot. Mp. Pozn. Tb.
|
| 563 |
|
|
|a 3500 výtl.
|
| 650 |
0 |
7 |
|a geografia
|2 SNKPH
|9 823
|
| 651 |
|
7 |
|a Československo
|2 SNKPHgeo
|9 21376
|
| 655 |
|
7 |
|a učebnice
|2 SNKPH
|9 22521
|
| 700 |
1 |
|
|a Muřan, Stanislav
|4 aut
|9 469180
|
| 700 |
1 |
|
|a Brabec, Josef
|4 aut
|9 458805
|
| 700 |
1 |
|
|a Hačunda, Štefan
|4 trl
|9 532343
|
| 700 |
1 |
|
|a Kosírová, Anna
|4 trl
|9 642456
|
| 852 |
|
|
|a Slovenská národná knižnica
|
| 954 |
|
|
|a odborná, vedecká literatúra cudzojazyčná (svetová)
|2 lita
|
| 958 |
|
|
|a OND
|
| 958 |
|
|
|a UC
|
| 958 |
|
|
|a OP
|
| 958 |
|
|
|a CZ
|
| 958 |
|
|
|a TL
|
| 958 |
|
|
|a RK
|
| 958 |
|
|
|a EUIPO
|
| 999 |
|
|
|c 992575
|d 994505
|
| 952 |
|
|
|a SNK
|b SNK
|y PREZ
|7 0
|p 17A0698847
|o snkSD 20342
|i snkKSP 3918/61
|0 0
|1 0
|4 0
|d 2011-06-30
|f 1
|l 0
|r 2025-12-03 00:00:00
|w 2026-02-24
|